000
00207 a2200097 4500
001
30724
100
_a
Hayden, E S
245
_a
The Hovercraft
260
_a
England
_b
ladybird Bks
_c
090
_c
20656
_d
20656
942
_a
NUST-CAE
_c
M
_c
11843
999
_c
265797
_d
265797